[Event "Province VR 80th"]
[Site "Zevio Verona"]
[Date "2020.01.26"]
[Round "5.12"]
[White "Negro, Raffaele"]
[Black "Lissandrini, Lisa"]
[Result "0-1"]
[WhiteElo "1809"]
[BlackElo "1440"]
[PlyCount "54"]
[EventDate "2020.01.24"]
[EventType "swiss"]
[EventRounds "5"]
[EventCountry "ITA"]
[SourceTitle "EXT 2024"]
[Source "ChessBase"]
[SourceDate "2023.10.10"]
[SourceVersion "1"]
[SourceVersionDate "2023.10.10"]
[SourceQuality "1"]

1. d4 d5 2. Bf4 e6 3. e3 Nf6 4. Nd2 c5 5. c3 Nc6 6. Ngf3 b6 7. Bb5 Bd7 8. Qa4 Nb8 9. Bxb8 Rxb8 10. Ne5 Rb7 11. Ndf3 Bxb5 12. Qxb5+ Nd7 13. 0-0-0 Be7 14. Nc6 Qa8 15. Nxe7 Kxe7 16. Rhe1 Rc8 17. Qd3 Nf6 18. Ne5 a5 19. Qb5 Rbb8 20. Nc6+ Qxc6 21. Qe2 b5 22. Kb1 b4 23. c4 dxc4 24. Qxc4 Qe4+ 25. Ka1 cxd4 26. Qxd4 Qxd4 27. Rxd4 Rc2 0-1

[Event "Province VR 80th"]
[Site "Zevio Verona"]
[Date "2020.01.25"]
[Round "2.14"]
[White "Marcori, Mirko"]
[Black "Lissandrini, Lisa"]
[Result "1-0"]
[WhiteElo "1649"]
[BlackElo "1440"]
[PlyCount "169"]
[EventDate "2020.01.24"]
[EventType "swiss"]
[EventRounds "5"]
[EventCountry "ITA"]
[SourceTitle "EXT 2024"]
[Source "ChessBase"]
[SourceDate "2023.10.10"]
[SourceVersion "1"]
[SourceVersionDate "2023.10.10"]
[SourceQuality "1"]

1. d4 d5 2. Nf3 Nf6 3. g3 g6 4. Bg2 Bg7 5. b3 0-0 6. Bb2 b6 7. 0-0 c5 8. e3 Nc6 9. Nbd2 Bd7 10. c4 Bc8 11. cxd5 Nxd5 12. Nc4 Bb7 13. e4 Nc7 14. d5 Nb4 15. Bxg7 Kxg7 16. a3 Nba6 17. Ra2 Nb5 18. Rd2 Nd6 19. Nxd6 exd6 20. e5 Re8 21. Re1 Nc7 22. exd6 Qxd6 23. Rxe8 Rxe8 24. Ne1 Rd8 25. Nc2 Ne8 26. Ne3 Nf6 27. a4 a6 28. h4 h5 29. Qa1 Kh7 30. Qd1 Qe5 31. Nc4 Qf5 32. Nxb6 Ne4 33. Bxe4 Qxe4 34. Rd3 a5 35. Qf3 Qe1+ 36. Kg2 Qe7 37. Qd1 Qe4+ 38. Kg1 Rd6 39. Re3 Qf5 40. Rf3 Qe4 41. Rxf7+ Kg8 42. Rxb7 Rf6 43. Rb8+ Kg7 44. Nd7 Rd6 45. Nxc5 Qe5 46. Rb7+ Kg8 47. Nd7 Qe4 48. Qa1 Qxd5 49. Rb8+ Kf7 50. Rf8+ Ke6 51. Nb6 Qd4 52. Qxd4 Rxd4 53. Nc4 Rd7 54. Nxa5 Kd6 55. Rf6+ Kc5 56. Rxg6 Kb4 57. Rg5 Ka3 58. Rxh5 Ra7 59. f4 Rg7 60. Kg2 Rd7 61. Rb5 Rd2+ 62. Kh3 Rd7 63. f5 Rd3 64. f6 Rf3 65. f7 Rxf7 66. h5 Rf6 67. h6 Rxh6+ 68. Kg4 Rd6 69. Nc4+ Ka2 70. Nxd6 Ka3 71. a5 Ka2 72. a6 Ka3 73. a7 Ka2 74. Nc4 Ka1 75. Kf5 Ka2 76. g4 Ka1 77. a8B Ka2 78. g5 Ka1 79. Be4 Ka2 80. g6 Ka1 81. g7 Ka2 82. g8B Ka1 83. Bh7 Ka2 84. Bg8 Ka1 85. Ra5# 1-0